Visual Basic 2010 hotové riešenia
Na minha lista:
| Autor principal: | |
|---|---|
| Autor Corporativo: | |
| Formato: | Livro |
| Idioma: | eslovaco |
| Publicado em: |
[S.l.]
Microsoft Visual Studio
2010
|
| Assuntos: | |
| Tags: |
Sem tags, seja o primeiro a adicionar uma tag!
|
MARC
| LEADER | 00000nlm$a2200000$$$4500 | ||
|---|---|---|---|
| 001 | 0111659 | ||
| 005 | 20240502072233.8 | ||
| 041 | 0 | |a slo | |
| 044 | |a SK | ||
| 245 | 1 | 0 | |a Visual Basic 2010 |b hotové riešenia |c Ján Hanák |
| 264 | 1 | |a [S.l.] |b Microsoft Visual Studio |c 2010 | |
| 300 | |a CD-ROM, [1,47 AH] | ||
| 610 | 2 | 0 | |a programy počítačové |
| 610 | 2 | 0 | |a jazyky programovacie |
| 610 | 2 | 0 | |a softvér |
| 100 | 1 | |a Hanák, Ján | |
| 710 | 2 | |a Fakulta hospodárskej informatiky EU. Katedra aplikovanej informatiky | |